| 000 | 00797cam a2200205 a 4500 | ||
|---|---|---|---|
| 020 | _a0195161521 (alk. paper) | ||
| 082 | 0 | 0 |
_a658.15 _bECH _cN-1, P-90 |
| 100 | 1 |
_aEschenbach, Ted. _936210 |
|
| 245 | 1 | 0 |
_aEngineering economy : _bapplying theory to practice / _cTed G. Eschenbach. |
| 250 | _a2nd ed. | ||
| 260 |
_aNew York : _bOxford University Press, _cc2003. |
||
| 300 |
_axxx, 591 p. : _bill. ; _c25 cm. + _e1 CD-ROM (4 3/4 in.) |
||
| 526 |
_a0 _b0 _c0 _d658_150000000000000_ECH |
||
| 650 | 0 | _aEngineering economy. | |
| 650 | 0 |
_aNUST _96342 |
|
| 856 | 4 | 1 | _uhttp://www.loc.gov/catdir/enhancements/fy0638/2002193014-t.html |
| 856 | 4 | 2 | _uhttp://www.loc.gov/catdir/enhancements/fy0613/2002193014-d.html |
| 856 | 4 | 2 | _uhttp://www.loc.gov/catdir/enhancements/fy0724/2002193014-b.html |
| 942 |
_2ddc _cBK |
||
| 999 |
_c548259 _d548259 |
||